Gender mainstreaming manual (Record no. 17697)

MARC details
000 -LEADER
fixed length control field 00489nam a22001577a 4500
008 - FIXED-LENGTH DATA ELEMENTS--GENERAL INFORMATION
fixed length control field 190525b xxu||||| |||| 00| 0 eng d
040 ## - CATALOGING SOURCE
Original cataloging agency KABU
Transcribing agency KABU
050 ## - LIBRARY OF CONGRESS CALL NUMBER
Classification number HQ1236.5
Item number .M85 2008 c. 1
100 ## - MAIN ENTRY--PERSONAL NAME
Personal name Mulher, Rede
245 ## - TITLE STATEMENT
Title Gender mainstreaming manual
Statement of responsibility, etc. Rede Mulher
260 ## - PUBLICATION, DISTRIBUTION, ETC. (IMPRINT)
Place of publication, distribution, etc. Mozambique
Name of publisher, distributor, etc. Gender and human rights cluster
Date of publication, distribution, etc. 2008
300 ## - PHYSICAL DESCRIPTION
Extent 81 p.
650 ## - SUBJECT ADDED ENTRY--TOPICAL TERM
Topical term or geographic name as entry element Women's rights
Geographic subdivision Mozambique
650 ## - SUBJECT ADDED ENTRY--TOPICAL TERM
Topical term or geographic name as entry element Women
General subdivision Government policy
Geographic subdivision Mozambique
942 ## - ADDED ENTRY ELEMENTS (KOHA)
Source of classification or shelving scheme Library of Congress Classification
Koha item type General Collection
Classification part HQ1236.5
Holdings
Withdrawn status Lost status Source of classification or shelving scheme Not for loan Home library Current library Date acquired Total Checkouts Full call number Barcode Date last seen Copy number Price effective from Koha item type
    Library of Congress Classification   Kabarak, Main Campus Kabarak, Main Campus 25/05/2019   HQ1236.5 .M85 2008 c. 1 027375 25/05/2019 c. 1 25/05/2019 General Collection
Designed with assistance from East African Informatics Ltd